00359nam a22000977a 450000500170000010000620001724501000007926000270017930000090020670000460021520260629112401.0 aAli Jan a19-MSM-03aSupervisor - Dr. Kamran Nazir Memon  aTank Drainage Flow of Viscous Fluid Through Circular Pipe with Uniform Reabsorption (Thesis MS) aNawabshahbQUESTc2025 a83p. aDepartment of Mathematics and Statistics